| 000 | 01296cam a22003614a 4500 | ||
|---|---|---|---|
| 001 | 13120572 | ||
| 003 | OSt | ||
| 005 | 20140310182131.0 | ||
| 008 | 030312s2004 nyua j b 001 0 eng | ||
| 010 | _a 2003005939 | ||
| 020 | _a0823939960 (lib. bdg.) | ||
| 040 |
_aDLC _cDLC _dDLC |
||
| 042 |
_apcc _alcac |
||
| 050 | 0 | 0 |
_aRC 862.I53 _b.G53 2004 |
| 082 | 0 | 0 |
_aHS 616.3 _bG36 2004 |
| 100 | 1 |
_aGiddens, Sandra. _913113 |
|
| 245 | 1 | 0 |
_aEverything you need to know about Crohn's disease and ulcerative colitis / _cSandra Giddens and Owen Giddens. |
| 246 | 3 | 0 | _aCrohn's disease and ulcerative colitis |
| 260 |
_aNew York : _bRosen Pub. Group, _cc2004. |
||
| 300 |
_a64 p. : _bcol. ill. ; _c23 cm. |
||
| 440 | 4 |
_aThe need to know library _910026 |
|
| 521 | _a | ||
| 526 | _c | ||
| 650 | 0 |
_aInflammatory bowel diseases _vJuvenile literature. _914705 |
|
| 650 | 1 |
_aInflammatory bowel diseases. _911184 |
|
| 650 | 1 |
_aDiseases. _910221 |
|
| 700 | 1 |
_aGiddens, Owen. _913116 |
|
| 856 | 4 | 1 |
_3Table of contents _uhttp://www.loc.gov/catdir/toc/ecip041/2003005939.html |
| 906 |
_a7 _bcbc _corignew _d1 _eecip _f20 _gy-gencatlg |
||
| 942 |
_2lcc _cHS _k |
||
| 999 |
_c9693 _d9693 |
||